000
00291nam a22001337a 4500
008
170421b xxu||||| |||| 00| 0 eng d
020
_a
9781464142093
041
_a
eng
080
_a
573
100
_a
11
101
_a
shm
245
_a
BIOLOGY LIFE WORKS
_c
MORRIS.J
942
_2
udc
_c
BK
999
_c
11382
_d
11382